000 00939nam a2200241Ia 4500
008 130821s2007 sp gr spa
020 _a9788473602532
040 _aCo-BoUCM
_bspa
041 0 0 _aspa
100 1 _aPérez Luño, Antonio-Enrique
_9100509
245 1 0 _aTrayectorias contemporáneas de la filosofía y la teoría del derecho
_cAntonio-Enrique Pérez Luño
250 _a5a. ed.
_ba cargo de Rafael González-Tablas Sastre y Fernando Llano Alonso.
260 _aMadrid (España)
_bEditorial Tébar
_c2007
300 _a264 páginas
490 0 _aColección Jurídica Tébar.
_pCollana Annaeus
_v3
504 _aIncluye bibliografía e índice.
650 0 4 _aFilosofía del derecho
_915792
650 0 4 _aTeoría del derecho
_925308
700 1 _aGonzález-Tablas Sastre, Rafael
_9165641
700 1 _aLlano Alonso, Fernando
_9165642
942 _cLIBRO
_2DEWEY
_a2
_e5
_h340.1
_mP438t
999 _c62938
_d62938